Manifiestos del surrealismo

Saved in:
Bibliografiske detaljer
Hovedforfatter: Breton, André (Author)
Format: Bog
Sprog:spansk
Udgivet: Buenos Aires Argonauta 1992
Udgivelse:1a. ed
Fag:
Tags: Tilføj Tag
Ingen Tags, Vær først til at tagge denne postø!

MARC

LEADER 00000cam a2200000 a 4500
001 UCX7496
003 CL-VaPUC
008 931213e19920000AG |||||||||||||||||spa|d
020 |a 9509282243 
082 0 4 |a 709.04063  |b BRE  |2 21 
100 |a Breton, André  |e author  |9 268387 
245 1 0 |a Manifiestos del surrealismo 
250 |a 1a. ed 
300 |a 180 p 
942 |c BK 
945 |d 19931213 00:00:00  |a aalvarez 
260 |a Buenos Aires  |b Argonauta  |c 1992 
650 0 |a Surrealismo  |9 265502 
583 |a last modification  |c 20140121 06:43:33  |k Rodrigo Vera 
999 |c 227303  |d 227301 
952 |0 0  |1 0  |4 0  |6 709_040630000000000_BRE_1992  |7 0  |8 R  |9 226225  |a BIBART  |b BIBART  |d 2019-11-15  |i 4883349  |l 1  |o 709.04063 BRE 1992  |p 4883349  |r 2025-03-13  |s 2023-06-13  |w 2019-11-15  |y BK_R  |k ART